| 000 | 00565nam a2200193Ia 4500 | ||
|---|---|---|---|
| 999 |
_c32436 _d32436 |
||
| 003 | OSt | ||
| 005 | 20200805120426.0 | ||
| 008 | 190216s9999||||xx |||||||||||||| ||und|| | ||
| 020 | _a9788126523511 | ||
| 040 | _coclc | ||
| 082 |
_a519.5 _bRAO/L |
||
| 100 |
_aRao, C Radhakrishna _93979 |
||
| 245 | 0 |
_aLinear Statistical Inference And Its Applications / _cC Radhakrishna Rao |
|
| 250 | _a2nd Ed. | ||
| 260 |
_bWiley India, _c2013. _aNew Delhi: |
||
| 300 | _a625p | ||
| 650 | _aMathematics | ||
| 942 |
_cBK _2ddc _h519.5 _iRAO/L _k519.5 _mRAO/L |
||